000 00546nam a2200217Ia 4500
003 OSt
005 20230504155302.0
008 210423s1992 xx 000 0 und d
020 _a412399407
040 _cAL
041 _aeng
082 _a574.192
_223
_bADAR
100 _aADAMS (Roger L P);others.
_964170
245 _aBiochemistry of the nucleic acids.
250 _a11
260 _aCambridge
_bChapman & Hall
_c1992
300 _axv,675
_bPB
365 _b1695
_cINR
906 _aacids ; Biochemistry ; nucleic
942 _2ddc
_cBK
999 _c163607
_d163607